| 000 | 00573nam a2200169 i 4500 | ||
|---|---|---|---|
| 001 | 62617 | ||
| 003 | ES-MaACL | ||
| 005 | 20230906164712.0 | ||
| 007 | t| | ||
| 008 | 031124s1958 sp ||||1| spa d | ||
| 100 | 1 |
_aFernández Heras, Amado. _949843 |
|
| 245 | 1 | 0 |
_aReglamentos generales de seguridad, higiene e iluminación de los centros de trabajo / _cAmado Fernández Heras. |
| 250 | _a3ª ed. corr., aum. y al día. | ||
| 260 |
_aZaragoza : _b[s.n.], _c1958 ( _fTalleres Gráficos La Editorial) |
||
| 300 |
_a112 p. ; _c17 cm. |
||
| 852 |
_aES-MaACL _jC-14744 _bR.42441 |
||
| 999 |
_c62617 _d62617 |
||